| 000 | 01646nam a2200373 c 4500 | ||
|---|---|---|---|
| 003 | BLK | ||
| 005 | 20180420223027.0 | ||
| 008 | 180408b bul|||||r ||||||| ||bul|| | ||
| 010 | _aKNG00065281000 | ||
| 040 | _aBLK | ||
| 041 |
_aBUL _cBUL |
||
| 080 |
_aВъздухоплаване. Авиация _b629.73 _x(47+57)(092) _z629.73(47+57)(092) |
||
| 080 |
_aБиографии _b929 _x(47+57) _z929(47+57) |
||
| 100 | 1 |
_aПономарьов, Александър Н. _eпърви автор _9290316 |
|
| 700 | 1 |
_aСимеонов, Александър _eпрев. от рус. _9290317 |
|
| 139 |
_aПономарьов, Александър Н. _bП 73 |
||
| 245 | 1 | 0 |
_aСъветски авиационни конструктори _bБиогр. очерци : Ч. 1 - _cАлександър Н. Пономарьов; прев. от рус. Александър Симеонов. _nЧ. 1 |
| 257 | _aRUS | ||
| 260 |
_аСофия _bВоен. изд. _c1983 - |
||
| 300 |
_a154 с. _c21 см |
||
| 380 | _a62 | ||
| 490 | 1 | _aВ света на военната техника | |
| 500 | _aОриг. загл. Советские авиационные конструкции / А. Н. Пономарев | ||
| 650 | 4 |
_aАвиоконструктори, руски _9290318 |
|
| 653 | _aавиоконструктори | ||
| 653 | _aСССР | ||
| 653 | _aбиографии | ||
| 760 | 1 |
_aПономарьов, Александър Н. _d1983 _h167 с. : с ил., портр. _tЧ. 1 |
|
| 852 | _aЦб 122558 | ||
| 856 | 4 |
_qpdf _u |
|
| 856 | 4 |
_qpdf _u |
|
| 942 |
_cKNG _n0 |
||
| 944 |
_aCR _c13.06.2004 _kКети_Илиева |
||
| 944 |
_aED _c04.11.2016 _kВася_Ганчева |
||
| 999 |
_c61088 _d61088 |
||